• 首页
  • 本馆介绍
  • 公告通知
  • 最新文献
  • 馆藏检索
  • 电子资源
  • 读者导购
  • 参考咨询
  • 我的图书馆
  • 登录
  • 详细信息显示
  • 放入我的书架
  • 预约/预借图书
  • 作者相关作品
  • 分类相关作品
  • 丛书相关作品
  • 出版社相关作品

书目信息

  • 表格格式
  • 工作单格式
  • 卡片格式
题名:
李大钊研究论文集
    
 
作者: 韩一德 , 王树棣 编
分册: 上  
出版信息: 石家庄   河北人民出版社  1984
页数: 422页
开本: 21cm
丛书名:
单 册:
中图分类: K827.6 , I207
科图分类:
主题词: 文学--中国
电子资源:
ISBN:
000 00779nam0 2200277 450
001 1572335191
005 20150124200632.54
010    @dCNY1.75
091    @a11086.45(上)
091    @a11086.46(下)
100    @a19950527d1984 emky0chiy0110 ea
101 0  @achi
102    @aCN@b130000
105    @ay z 000yy
200 1  @a李大钊研究论文集@9li da zhao yan jiu lun wen ji@h上@f韩一德,王树棣编
210    @a石家庄@c河北人民出版社@d1984
215    @a422页@d21cm
600  0 @a李大钊@f(1889~1927)@x人物研究@x文集
600  0 @2CT@3S046282@a李大钊@f(1889~1927)
606 0  @a文学@x中国
690    @aK827.6@v5
690    @aI207@v4
701  0 @a韩一德@9han yi de@4编
701  0 @a王树棣@9wang shu di@4编
801  0 @aCN@bTSSF@c20150124
905    @aZUCC@dI207@eJY155:1
    
    李大钊研究论文集.上/韩一德,王树棣编.-石家庄:河北人民出版社,1984
    422页;21cm
    
    
    ISBN :CNY1.75
    
●
相关链接 在E读中查询图书 在五车中查询图书 在当当中查询图书 在豆瓣中查询图书


正题名:李大钊研究论文集     索取号:I207/JY155:1         预约/预借

序号 登录号 条形码 馆藏地/架位号 状态 备注
1 7855389   278553897   学院路分馆/ [索取号:I207/JY155:1] 在馆    
2 7855390   278553904   学院路分馆/ [索取号:I207/JY155:1] 在馆    
唐山师范学院图书馆 欢迎您!
大连网信软件有限公司© 版权所有